[Event "Kazan BRICS Games Blitz Team"]
[Site "Kazan"]
[Date "2024.06.21"]
[Round "7.5"]
[White "Eichab, Charles Sidney"]
[Black "Ssegwanyi, Arthur"]
[Result "0-1"]
[WhiteElo "2013"]
[BlackElo "2365"]
[PlyCount "42"]
[EventDate "2024.06.21"]
[EventType "team-swiss (blitz)"]
[EventRounds "11"]
[EventCountry "RUS"]
[SourceTitle "CBM 220 Extra"]
[Source "ChessBase"]
[SourceDate "2024.07.31"]
[SourceVersion "1"]
[SourceVersionDate "2024.07.31"]
[SourceQuality "1"]
[WhiteTeam "Namibia"]
[BlackTeam "Uganda"]
[WhiteTeamCountry "NAM"]
[BlackTeamCountry "UGA"]

1. b3 Nf6 2. Bb2 e6 3. c4 Be7 4. g3 a5 5. Nc3 d5 6. cxd5 exd5 7. d4 0-0 8. Bg2 Re8 9. Nf3 c6 10. 0-0 Bd6 11. Rc1 Bg4 12. Na4 Nbd7 13. h3 Bh5 14. Nc5 Nxc5 15. dxc5 Bf8 16. Qd4 Rxe2 17. Bc3 Ne4 18. g4 Bg6 19. Ne5 Bxc5 20. Qd3 Nxc3 21. Rxc3 Bxd3 0-1

[Event "Kazan BRICS Games Rapid Team"]
[Site "Kazan"]
[Date "2024.06.20"]
[Round "3.13"]
[White "Ssegwanyi, Arthur"]
[Black "Caetano, Ryan Wesley da Cost"]
[Result "1-0"]
[WhiteElo "2365"]
[BlackElo "2174"]
[PlyCount "105"]
[EventDate "2024.06.20"]
[EventType "team-swiss (rapid)"]
[EventRounds "9"]
[EventCountry "RUS"]
[SourceTitle "CBM 220 Extra"]
[Source "ChessBase"]
[SourceDate "2024.07.31"]
[SourceVersion "1"]
[SourceVersionDate "2024.07.31"]
[SourceQuality "1"]
[WhiteTeam "Uganda"]
[BlackTeam "Brazil"]
[WhiteTeamCountry "UGA"]
[BlackTeamCountry "BRA"]

1. e4 c5 2. Nf3 d6 3. Bb5+ Nd7 4. 0-0 Ngf6 5. Re1 a6 6. Bf1 g6 7. c3 Bg7 8. d4 0-0 9. Nbd2 cxd4 10. cxd4 e5 11. Nc4 Qe7 12. Bg5 h6 13. Bxf6 Bxf6 14. Ne3 Bg7 15. Nd5 Qd8 16. a4 exd4 17. a5 d3 18. Ra2 Ne5 19. Nxe5 Bxe5 20. Qd2 h5 21. Ra3 Be6 22. Rxd3 Bxd5 23. Rxd5 Qf6 24. Rb1 Rfe8 25. g3 g5 26. Bc4 Kg7 27. b3 h4 28. Rf1 Qg6 29. Qd3 Rh8 30. Qe2 Rh6 31. Qg4 Rah8 32. Rd2 Bc3 33. Rc2 Bxa5 34. Rd1 Bb6 35. Rd5 Rh5 36. Kf1 Qf6 37. Rf5 Qa1+ 38. Ke2 f6 39. Rd5 hxg3 40. Qd7+ Kh6 41. hxg3 Rh2 42. Rf5 Rh1 43. Kf3 Rg8 44. Qxd6 Rg6 45. Qf8+ Kh7 46. Rd5 g4+ 47. Kf4 Bc7+ 48. Kf5 Rh5+ 49. Ke6 f5+ 50. Kd7 Rg7+ 51. Ke8 Rhg5 52. f4 Rg8 53. Rh2+ 1-0

[Event "Kazan BRICS Games Rapid"]
[Site "Kazan"]
[Date "2024.06.18"]
[Round "6"]
[White "Caetano, Ryan Wesley da Cost"]
[Black "Ssegwanyi, Arthur"]
[Result "1-0"]
[WhiteElo "2174"]
[BlackElo "2365"]
[PlyCount "131"]
[EventDate "2024.06.18"]
[EventType "team-swiss (rapid)"]
[EventRounds "9"]
[EventCountry "RUS"]
[SourceTitle "CBM 220 Extra"]
[Source "ChessBase"]
[SourceDate "2024.07.31"]
[SourceVersion "1"]
[SourceVersionDate "2024.07.31"]
[SourceQuality "1"]

1. d4 d5 2. c4 e6 3. Nc3 Nf6 4. cxd5 exd5 5. Bg5 c6 6. e3 Bd6 7. Bd3 0-0 8. Qc2 h6 9. Bh4 Re8 10. Nge2 a5 11. h3 Na6 12. a3 Nc7 13. g4 Ne6 14. Bg3 Bxg3 15. fxg3 Ng5 16. 0-0-0 Rxe3 17. h4 Nf3 18. g5 hxg5 19. hxg5 Nxg5 20. Nf4 Bg4 21. Qh2 Kf8 22. Rde1 Qe7 23. Ref1 Bf3 24. Qh8+ Ng8 25. Bc2 Qf6 26. Nd1 Ree8 27. Rh2 Ke7 28. Nc3 Kd6 29. Nh5 Bxh5 30. Rxf6+ Nxf6 31. Qxg7 Re1+ 32. Nd1 Nge4 33. Rxh5 Nxh5 34. Qe5+ Kd7 35. Bxe4 dxe4 36. Qxh5 e3 37. Qxf7+ Kd6 38. Qf6+ Kd7 39. Kc2 Re8 40. Nc3 e2 41. Qf5+ Re6 42. Nxe2 R1xe2+ 43. Kb1 a4 44. d5 cxd5 45. Qxd5+ Ke8 46. Qb5+ Kf8 47. Qxa4 Re7 48. g4 Kg8 49. Qf4 Rf7 50. Qg5+ Kf8 51. Qd8+ Kg7 52. Qd4+ Kg8 53. Qc4 Rg2 54. a4 Kg7 55. Qd4+ Kg8 56. Qd8+ Kg7 57. Qg5+ Kf8 58. Qh6+ Kg8 59. g5 Rff2 60. Qg6+ Kf8 61. Qd6+ Kg7 62. Qc7+ Rf7 63. Qe5+ Kg8 64. a5 Rg7 65. Qd5+ Rf7 66. Kc1 1-0

[Event "Kazan BRICS Games Rapid"]
[Site "Kazan"]
[Date "2024.06.18"]
[Round "2"]
[White "Esipenko, Andrey"]
[Black "Ssegwanyi, Arthur"]
[Result "1-0"]
[WhiteElo "2677"]
[BlackElo "2365"]
[PlyCount "83"]
[EventDate "2024.06.18"]
[EventType "team-swiss (rapid)"]
[EventRounds "9"]
[EventCountry "RUS"]
[SourceTitle "CBM 220 Extra"]
[Source "ChessBase"]
[SourceDate "2024.07.31"]
[SourceVersion "1"]
[SourceVersionDate "2024.07.31"]
[SourceQuality "1"]

1. e4 e5 2. Nf3 Nc6 3. Bb5 a6 4. Ba4 Nf6 5. 0-0 b5 6. Bb3 Be7 7. d4 d6 8. c3 Bg4 9. Be3 Na5 10. Bc2 Nc4 11. Bc1 0-0 12. h3 Bh5 13. b3 Nb6 14. Nbd2 Nfd7 15. a4 bxa4 16. bxa4 a5 17. Re1 Bf6 18. g4 Bg6 19. Nf1 h6 20. Ng3 Re8 21. Bb3 exd4 22. cxd4 c5 23. Bf4 cxd4 24. Bxd6 Ne5 25. Bxe5 Bxe5 26. Nxe5 Rxe5 27. Qd2 Re7 28. f4 Rc8 29. Rad1 Rd7 30. Qf2 Rc3 31. Ba2 Qc7 32. Kg2 Nc4 33. Bxc4 Qxc4 34. f5 Bh7 35. Rd2 Kh8 36. h4 f6 37. Qf4 Qxa4 38. g5 Qa3 39. Nh5 fxg5 40. hxg5 Qf8 41. gxh6 gxh6 42. Qe5+ 1-0

[Event "Kampala Sagewood Cup"]
[Site "Kampala"]
[Date "2024.05.19"]
[Round "7"]
[White "Kamoga, Rajab"]
[Black "Ssegwanyi, Arthur"]
[Result "0-1"]
[WhiteElo "2068"]
[BlackElo "2357"]
[PlyCount "41"]
[EventDate "2024.05.16"]
[EventType "swiss"]
[EventRounds "8"]
[EventCountry "UGA"]
[SourceTitle "CBM 220 Extra"]
[Source "ChessBase"]
[SourceDate "2024.07.31"]
[SourceVersion "1"]
[SourceVersionDate "2024.07.31"]
[SourceQuality "1"]

1. e4 e5 2. Nf3 Nc6 3. Bc4 Nf6 4. d4 exd4 5. e5 Ne4 6. 0-0 Be7 7. Bd5 Nc5 8. Re1 Ne6 9. c3 dxc3 10. Nxc3 0-0 11. Bb3 d6 12. Nd5 dxe5 13. Nxe7+ Qxe7 14. Nxe5 Nxe5 15. Rxe5 Qf6 16. Qd5 Bd7 17. Re3 Bc6 18. Qe5 Qxe5 19. Rxe5 Nd4 20. Bd1 Rfe8 21. Bf4 0-1

[Event "Kampala Sagewood Cup"]
[Site "Kampala"]
[Date "2024.05.17"]
[Round "4"]
[White "Ssegwanyi, Arthur"]
[Black "Nyola, Wasswa Mark"]
[Result "1-0"]
[WhiteElo "2357"]
[BlackElo "2064"]
[PlyCount "87"]
[EventDate "2024.05.16"]
[EventType "swiss"]
[EventRounds "8"]
[EventCountry "UGA"]
[SourceTitle "CBM 220 Extra"]
[Source "ChessBase"]
[SourceDate "2024.07.31"]
[SourceVersion "1"]
[SourceVersionDate "2024.07.31"]
[SourceQuality "1"]

1. e4 c5 2. Nf3 d6 3. d4 cxd4 4. Nxd4 Nf6 5. Nc3 a6 6. h3 e5 7. Nde2 h5 8. g3 Be7 9. Bg2 b5 10. a4 b4 11. Nd5 Nxd5 12. Qxd5 Ra7 13. Be3 Rb7 14. 0-0 Qc7 15. Qd2 Be6 16. b3 Nd7 17. Rac1 0-0 18. Bg5 f6 19. Be3 Nc5 20. Kh2 Qc6 21. Qd1 Nxe4 22. c4 f5 23. f3 Nc5 24. f4 Ne4 25. Qc2 Rc7 26. Ng1 h4 27. g4 d5 28. Nf3 fxg4 29. Nxe5 g3+ 30. Kg1 Qe8 31. Qd3 Nc5 32. Qb1 Bf5 33. Qb2 dxc4 34. Rxc4 Ne6 35. Qe2 Rxc4 36. Qxc4 Qc8 37. Nc6 Qd7 38. Qd5 Qc7 39. Nd4 Rd8 40. Qxf5 Nf8 41. Bd5+ Kh8 42. Qh5+ Nh7 43. Be4 g6 44. Bxg6 1-0

[Event "Kampala Zabasajja Memorial op"]
[Site "Kampala"]
[Date "2024.01.28"]
[Round "7"]
[White "Ssegwanyi, Arthur"]
[Black "Madol, Garang Panthoum"]
[Result "1-0"]
[WhiteElo "2374"]
[BlackElo "1984"]
[PlyCount "69"]
[EventDate "2024.01.25"]
[EventType "swiss"]
[EventRounds "8"]
[EventCountry "UGA"]
[SourceTitle "EXT 2025"]
[Source "ChessBase"]
[SourceDate "2024.10.14"]
[SourceVersion "1"]
[SourceVersionDate "2024.10.14"]
[SourceQuality "1"]

1. e4 c6 2. d4 d5 3. e5 c5 4. dxc5 Qa5+ 5. c3 Qxc5 6. Be3 Qa5 7. h3 e6 8. Nf3 Nc6 9. Bd3 Qc7 10. 0-0 Bd7 11. Bf4 f6 12. Bg3 f5 13. Bxf5 Qb6 14. Bc2 Qxb2 15. Nbd2 Qxc3 16. Rb1 Nb4 17. Ba4 Qc7 18. Nd4 Nc6 19. N2b3 Nh6 20. Rc1 Rc8 21. Qd3 Be7 22. Nb5 Qd8 23. Nd6+ Bxd6 24. exd6 0-0 25. Nc5 Rb8 26. Nxb7 Rxb7 27. Bxc6 Bxc6 28. Rxc6 Nf5 29. Be5 Rd7 30. Qa6 Qg5 31. Rc7 Rfd8 32. f4 Qh4 33. Qxa7 Rxc7 34. dxc7 Rf8 35. Qa6 1-0

[Event "Kampala Zabasajja Memorial op"]
[Site "Kampala"]
[Date "2024.01.27"]
[Round "5"]
[White "Ssegwanyi, Arthur"]
[Black "Peter Majur, Manyang"]
[Result "1-0"]
[WhiteElo "2374"]
[BlackElo "2059"]
[PlyCount "59"]
[EventDate "2024.01.25"]
[EventType "swiss"]
[EventRounds "8"]
[EventCountry "UGA"]
[SourceTitle "EXT 2025"]
[Source "ChessBase"]
[SourceDate "2024.10.14"]
[SourceVersion "1"]
[SourceVersionDate "2024.10.14"]
[SourceQuality "1"]

1. e4 c6 2. d4 d5 3. e5 c5 4. dxc5 Nc6 5. f4 e6 6. Be3 d4 7. Bf2 Bxc5 8. Nd2 Nh6 9. a3 Nf5 10. Ngf3 0-0 11. g4 Ne3 12. Bxe3 dxe3 13. Ne4 Bb6 14. Qxd8 Rxd8 15. Bd3 Nd4 16. Nxd4 Rxd4 17. Ke2 Bd7 18. c3 Rxe4 19. Bxe4 Bb5+ 20. Kf3 Ba4 21. Rad1 Bxd1+ 22. Rxd1 Rd8 23. Rxd8+ Bxd8 24. Bxb7 Bb6 25. Ba6 Kf8 26. b4 f6 27. exf6 gxf6 28. Bd3 h6 29. Ke4 Ke7 30. c4 1-0

[Event "Kampala Zabasajja Memorial op"]
[Site "Kampala"]
[Date "2024.01.25"]
[Round "1"]
[White "Ssegwanyi, Arthur"]
[Black "Otika, Elvis Brain"]
[Result "1-0"]
[WhiteElo "2374"]
[BlackElo "1477"]
[PlyCount "61"]
[EventDate "2024.01.25"]
[EventType "swiss"]
[EventRounds "8"]
[EventCountry "UGA"]
[SourceTitle "EXT 2025"]
[Source "ChessBase"]
[SourceDate "2024.10.14"]
[SourceVersion "1"]
[SourceVersionDate "2024.10.14"]
[SourceQuality "1"]

1. e4 c6 2. Nc3 d5 3. Nf3 dxe4 4. Nxe4 Bg4 5. Bc4 e6 6. h3 Bxf3 7. Qxf3 Nd7 8. Qg3 Ngf6 9. Nxf6+ Nxf6 10. 0-0 Qd6 11. Qf3 Be7 12. c3 0-0 13. d4 Nd5 14. Rd1 Rad8 15. Bb3 Qc7 16. c4 Nf6 17. Bf4 Bd6 18. Bg5 Be7 19. Rac1 b6 20. Bc2 c5 21. d5 Nxd5 22. Qe4 g6 23. Rxd5 Bxg5 24. Rxg5 Rd4 25. Qe1 Rxc4 26. Bxg6 Qf4 27. Rxc4 Qxg5 28. Rg4 Qxg6 29. Qd2 Kh8 30. Rxg6 hxg6 31. Qd7 1-0

[Event "Kampala Kireka op"]
[Site "Kampala"]
[Date "2023.12.28"]
[Round "1"]
[White "Ssegwanyi, Arthur"]
[Black "Pido, Edwin"]
[Result "1-0"]
[WhiteElo "2374"]
[BlackElo "1703"]
[PlyCount "77"]
[EventDate "2023.12.28"]
[EventType "swiss"]
[EventRounds "8"]
[EventCountry "UGA"]
[SourceTitle "EXT 2025"]
[Source "ChessBase"]
[SourceDate "2024.10.14"]
[SourceVersion "1"]
[SourceVersionDate "2024.10.14"]
[SourceQuality "1"]

1. e4 c6 2. d4 d5 3. e5 c5 4. dxc5 Nc6 5. f4 e6 6. Be3 Nge7 7. Nd2 d4 8. Ne4 Nf5 9. Bf2 Bxc5 10. Nxc5 Qa5+ 11. c3 Qxc5 12. Nf3 Qd5 13. cxd4 Qe4+ 14. Qe2 Qxf4 15. g3 Qg4 16. h4 h5 17. Bh3 Nxg3 18. Bxg4 Nxe2 19. Kxe2 hxg4 20. Ng5 f6 21. Ne4 0-0 22. Rag1 b6 23. exf6 Ba6+ 24. Kd2 gxf6 25. Rxg4+ Kf7 26. Rc1 f5 27. Ng5+ Ke7 28. Rg3 Kd6 29. Nxe6 Rg8 30. Ng7 Ne7 31. Rg5 Raf8 32. Re1 Bc4 33. b3 Bd5 34. Re5 Be4 35. Bg3 Kd7 36. Re6 Nd5 37. Rxe4 fxe4 38. Rxd5+ Kc6 39. Rg5 1-0